<?xml version="1.0" encoding="UTF-8"?>
<marc:record xmlns:marc="http://www.loc.gov/MARC21/slim">
   <marc:leader>00000nam a2200000 a 4500</marc:leader>
   <marc:datafield ind1="1" ind2=" " tag="100">
      <marc:subfield code="a">Vassallo, Jody</marc:subfield>
      <marc:subfield code="4">ctb</marc:subfield>
      <marc:subfield code="e">Mitwirkende/-r</marc:subfield>
   </marc:datafield>
   <marc:datafield ind1="1" ind2=" " tag="100">
      <marc:subfield code="a">Rooney, Deirdre</marc:subfield>
      <marc:subfield code="4">ctb</marc:subfield>
      <marc:subfield code="e">Mitwirkende/-r</marc:subfield>
   </marc:datafield>
   <marc:datafield ind1="1" ind2=" " tag="100">
      <marc:subfield code="a">Sonntag, Kirsten</marc:subfield>
      <marc:subfield code="4">trl</marc:subfield>
      <marc:subfield code="e">Übersetzer/-in</marc:subfield>
   </marc:datafield>
   <marc:datafield ind1=" " ind2=" " tag="653">
      <marc:subfield code="a">Getreide</marc:subfield>
   </marc:datafield>
   <marc:datafield ind1=" " ind2=" " tag="653">
      <marc:subfield code="a">Speiseleguminosen</marc:subfield>
   </marc:datafield>
   <marc:datafield ind1=" " ind2=" " tag="653">
      <marc:subfield code="a">Keimsprossen</marc:subfield>
   </marc:datafield>
   <marc:datafield ind1=" " ind2=" " tag="653">
      <marc:subfield code="a">Softcover</marc:subfield>
   </marc:datafield>
   <marc:datafield ind1=" " ind2=" " tag="653">
      <marc:subfield code="a">Karte</marc:subfield>
   </marc:datafield>
   <marc:datafield ind1=" " ind2=" " tag="653">
      <marc:subfield code="a">Trinken / Themenkochbücher</marc:subfield>
   </marc:datafield>
   <marc:datafield ind1=" " ind2=" " tag="653">
      <marc:subfield code="a">Kochbuch</marc:subfield>
   </marc:datafield>
   <marc:datafield ind1="0" ind2="0" tag="245">
      <marc:subfield code="a">Sprossen, Körner und Bohnen</marc:subfield>
   </marc:datafield>
   <marc:datafield ind1="0" ind2="0" tag="245">
      <marc:subfield code="c">Jody Vassallo. Mit Fotos von Deirdre Rooney. [Aus dem Franz. übers. von Kirsten Sonntag</marc:subfield>
   </marc:datafield>
   <marc:datafield ind1=" " ind2="1" tag="264">
      <marc:subfield code="a">Baden</marc:subfield>
      <marc:subfield code="b">AT-Verl.</marc:subfield>
      <marc:subfield code="c">2007</marc:subfield>
   </marc:datafield>
   <marc:datafield ind1="1" ind2=" " tag="520">
      <marc:subfield code="a">Angaben aus der Verlagsmeldung

Sprossen, Körner und Bohnen / von Jody Vassallo

Weltweit gehören sie seit Urzeiten zu den wichtigsten Grundlagen
der Ernährung und haben in den Küchen der Welt in Form vielfältigster
Gerichte ihre Spuren hinterlassen: von der asiatischen Reispfanne
mit Sojasprossen über das nordafrikanische Couscous bis zu Hummus,
Bulgur und Falafel aus der nahöstlichen Küche. Heute werden sie
von der trendigen Crossover-Küche wiederentdeckt und inspirieren zu
neuen, leichten, fantasievollen Kreationen.
Nicht zuletzt sind Sproßen wahre Vitaminbomben, und auch die Körnchen
und Böhnchen haben gesundheitlich einiges zu bieten: Sie sind
fett- und kalorienarm, reich an Ballaststoffen,Vitaminen und Mineralstoffe
und sie strotzen von wertvollem pflanzlichem Eiweiß – damit sind
sie auch in der gesundheitsbewussten und vegetarischen Ernährung
ein Muss.
Das Buch bietet:
• 100 abwechslungsreiche Rezepte, inspiriert von den verschiedensten
Küchen der Welt und auf moderne Art umgesetzt
• Von Frühstücksideen über Hauptgerichte und Snacks bis zu Desserts
• Warenkunde mit den wichtigsten Informationen zu den verschiedenen
Sorten und ihrer Verwendung in der Küche
• 200 Farbfotos, die Lust machen, die Rezepte gleich auszuprobieren
</marc:subfield>
   </marc:datafield>
   <marc:datafield ind1=" " ind2=" " tag="020">
      <marc:subfield code="a">9783038003373</marc:subfield>
      <marc:subfield code="9">9783038003373</marc:subfield>
   </marc:datafield>
   <marc:datafield ind1=" " ind2=" " tag="020">
      <marc:subfield code="a">3038003379</marc:subfield>
      <marc:subfield code="9">3038003379</marc:subfield>
   </marc:datafield>
   <marc:datafield ind1=" " ind2=" " tag="041">
      <marc:subfield code="a">ger</marc:subfield>
   </marc:datafield>
   <marc:datafield ind1=" " ind2=" " tag="300">
      <marc:subfield code="a">159 S.</marc:subfield>
   </marc:datafield>
</marc:record>
